[Event "Mechanics' Summer TNM; G/2"]
[Site "San Francisco"]
[Date "2016.06.28"]
[Round "6.35"]
[White "Rakonitz, David"]
[Black "Nelson, Carl"]
[Result "1-0"]
[WhiteElo "1659"]
[BlackElo "1188"]
[PlyCount "107"]
[EventDate "2016.??.??"]

1. d4 Nf6 2. Nf3 d6 3. c4 h6 4. Nc3 Bf5 5. Qb3 b6 6. g3 Nbd7 7. Bg2 Rc8 8. Nh4
e6 9. Nxf5 exf5 10. Qc2 g6 11. Nb5 c6 12. Nxa7 Rc7 13. Nxc6 Qc8 14. d5 Ne5 15.
Qa4 Nxc6 16. dxc6 Bg7 17. O-O Ne4 18. f3 Nc5 19. Qb5 Rxc6 20. Rb1 Nd7 21. b3
O-O 22. Bb2 Rc5 23. Qb4 f6 24. f4 Re8 25. Rfe1 Qb8 26. Qd2 b5 27. Ba3 Rcc8 28.
Qxd6 Qa7+ 29. Kf1 Bf8 30. Qd5+ Kg7 31. Bxf8+ Nxf8 32. Qxb5 Qxa2 33. Qb7+ Kg8
34. Bd5+ Kh8 35. Qf7 Nh7 36. Ra1 Rf8 37. Qxf8+ Nxf8 38. Rxa2 Nd7 39. Be6 Rd8
40. Rd2 Kg7 41. Rxd7+ Rxd7 42. Bxd7 Kf7 43. Rd1 Ke7 44. Ba4 Kf7 45. c5 g5 46.
c6 gxf4 47. gxf4 Kg6 48. c7 Kh5 49. Kg2 Kg4 50. e3 Kh4 51. c8=Q Kg4 52. Qg8+
Kh5 53. Be8+ Kh4 54. Qg3# 1-0

[Event "Mechanics' Fall TNM; G/2"]
[Site "San Francisco"]
[Date "2016.10.18"]
[Round "1.6"]
[White "Rakonitz, David"]
[Black "Viswanath Natraj, Ganesh"]
[Result "0-1"]
[WhiteElo "1646"]
[BlackElo "2132"]
[PlyCount "44"]
[EventDate "2016.??.??"]

1. d4 Nf6 2. Nf3 e6 3. c4 b6 4. a3 Ba6 5. Qc2 Bb7 6. Nc3 c5 7. e4 cxd4 8. Nxd4
Bc5 9. Nb3 Nc6 10. Nxc5 bxc5 11. Bd3 Nd4 12. Qd1 O-O 13. O-O Qb6 14. Rb1 a5 15.
f3 d5 16. cxd5 c4 17. Be3 cxd3 18. Bxd4 Qxd4+ 19. Kh1 Ba6 20. Qd2 exd5 21. exd5
Nxd5 22. Ne2 Qe3 0-1

[Event "Mechanics' Summer TNM; G/2"]
[Site "San Francisco"]
[Date "2016.06.21"]
[Round "5.38"]
[White "Raphael, Pat"]
[Black "Guduguntla, Sriharsha"]
[Result "0-1"]
[WhiteElo "629"]
[BlackElo "1574"]
[PlyCount "50"]
[EventDate "2016.??.??"]

1. d4 Nf6 2. Nc3 e6 3. e4 Bb4 4. Bd2 Bxc3 5. Bxc3 Nxe4 6. Qg4 d5 7. Qxg7 Qf6 8.
Qxf6 Nxf6 9. Nf3 Nbd7 10. O-O-O Ne4 11. Be1 a6 12. Bd3 b5 13. Nh4 Bb7 14. f3
Nd6 15. g4 c5 16. b3 c4 17. Be2 a5 18. Bg3 Ke7 19. Bxd6+ Kxd6 20. f4 b4 21. f5
a4 22. Bf3 axb3 23. axb3 c3 24. Kb1 Ra7 25. fxe6 Rha8 0-1

[Event "Mechanics' Fall TNM; G/2"]
[Site "San Francisco"]
[Date "2016.11.15"]
[Round "5.40"]
[White "Reed, Nicholas"]
[Black "Brown, Nicholas M"]
[Result "0-1"]
[WhiteElo "586"]
[BlackElo "1419"]
[PlyCount "96"]
[EventDate "2016.??.??"]

1. e4 c6 2. d4 d5 3. Nc3 dxe4 4. Nxe4 Nf6 5. Nxf6+ exf6 6. Nf3 Bd6 7. Qe2+ Be6
8. d5 cxd5 9. Qb5+ Qd7 10. Qxd7+ Nxd7 11. g3 O-O 12. Bg2 Rac8 13. Bf4 Bxf4 14.
gxf4 Nb6 15. Nd4 Rfe8 16. O-O Bd7 17. Rad1 Bc6 18. Nxc6 bxc6 19. b3 Re2 20. Bh3
Rce8 21. Bf5 g6 22. Bd3 R2e7 23. c4 dxc4 24. Bxc4 Nxc4 25. bxc4 Re4 26. f3 Rxc4
27. Rfe1 Rxe1+ 28. Rxe1 Rxf4 29. Re8+ Kg7 30. Kg2 Ra4 31. Re2 c5 32. Rc2 c4 33.
Kf2 f5 34. h3 Kf6 35. Kg3 c3 36. h4 h5 37. f4 Rc4 38. Kf3 a5 39. Rc1 c2 40. Ke3
a4 41. Kf3 Ke6 42. Re1+ Kd6 43. Rc1 Kc5 44. Kg2 Kb4 45. Kf3 Ka3 46. Ke3 Kxa2
47. Kd3 Kb3 48. Kd2 Kb2 0-1

[Event "Mechanics' Fall TNM; G/2"]
[Site "San Francisco"]
[Date "2016.12.06"]
[Round "8.41"]
[White "Reed, Nicholas"]
[Black "Yamamoto, Craig"]
[Result "0-1"]
[WhiteElo "586"]
[BlackElo "1523"]
[PlyCount "60"]
[EventDate "2016.??.??"]

1. e4 c5 2. Nf3 e6 3. d4 cxd4 4. Nxd4 Nc6 5. Be3 Nf6 6. Nc3 a6 7. f4 h5 8. h3
h4 9. e5 Nh5 10. Ne4 Qb6 11. Be2 Nxd4 12. Bxd4 Qb4+ 13. Kf1 Nxf4 14. Qd2 Qxd2
15. Nxd2 Nxe2 16. Kxe2 b5 17. Ne4 Bb7 18. Nd6+ Bxd6 19. exd6 f6 20. Rhg1 e5 21.
Bb6 Kf7 22. Rac1 Rac8 23. Bc7 Rh5 24. g4 hxg3 25. Rxg3 Rch8 26. Rcg1 g5 27. Rf3
Rxh3 28. Rgf1 Bxf3+ 29. Rxf3 Rxf3 30. Kxf3 Rh2 0-1

[Event "Mechanics' Summer TNM; G/2"]
[Site "San Francisco"]
[Date "2016.06.21"]
[Round "5.8"]
[White "Regal, Jack"]
[Black "Kondakov, Adrian"]
[Result "0-1"]
[WhiteElo "1637"]
[BlackElo "1854"]
[PlyCount "84"]
[EventDate "2016.??.??"]

1. e4 e6 2. d4 d5 3. Nc3 Bb4 4. e5 c5 5. a3 Bxc3+ 6. bxc3 Ne7 7. Qg4 Qc7 8.
Qxg7 Rg8 9. Qxh7 cxd4 10. Ne2 Nbc6 11. Bb2 Nxe5 12. Nxd4 Nc4 13. Bxc4 Qxc4 14.
g3 e5 15. Nf3 Bg4 16. Qd3 Qxd3 17. cxd3 Bxf3 18. O-O Kd7 19. Rfe1 f6 20. Rab1
b6 21. Re3 Bh5 22. Rbe1 Nf5 23. Rxe5 fxe5 24. Rxe5 Bg6 25. Rxd5+ Kc6 26. Re5
Rge8 27. f4 Rxe5 28. fxe5 Kd5 29. c4+ Kc5 30. Kf2 Re8 31. g4 Nd4 32. h4 Rxe5
33. h5 Bxh5 34. gxh5 Rxh5 35. Ke3 Rh3+ 36. Ke4 Rh4+ 37. Ke3 Nf5+ 38. Kf3 Rh2
39. Be5 Ra2 40. Ke4 Nd6+ 41. Kf4 Nf7 42. Bf6 Rf2+ 0-1

[Event "Mechanics' Summer TNM; G/2"]
[Site "San Francisco"]
[Date "2016.06.14"]
[Round "4.27"]
[White "Regal, Jack"]
[Black "Shnaiderman, Lazar"]
[Result "1/2-1/2"]
[WhiteElo "1261"]
[BlackElo "1808"]
[Annotator "Donaldson"]
[PlyCount "75"]
[EventDate "2016.??.??"]

1. e4 c5 2. Nf3 g6 3. Bc4 Bg7 4. c3 Nc6 5. d4 cxd4 6. cxd4 d6 7. O-O Nf6 8. e5
dxe5 9. Nxe5 O-O 10. Be3 Nxe5 11. dxe5 Qxd1 12. Rxd1 Ng4 13. Bd4 Nxe5 14. Bb3
Nc6 15. Bxg7 Kxg7 16. Nc3 e6 17. Ne4 b6 18. Rac1 Na5 19. Ba4 Bb7 20. Nd6 Bd5
21. b4 Rfd8 22. Nxf7 Kxf7 23. bxa5 Rac8 24. axb6 axb6 25. Bb3 Bxb3 26. axb3
Rxd1+ 27. Rxd1 Rc3 28. Rb1 Kf6 29. Kf1 e5 30. b4 b5 31. g3 e4 32. Ke2 Rc2+ 33.
Ke3 Ke5 34. h4 Rc3+ 35. Ke2 Kd4 36. Rd1+ Rd3 37. Rc1 Rc3 (37... e3 $1 38. fxe3+
Rxe3+ 39. Kf2 Rc3 40. Rd1+ Kc4 $17) 38. Rd1+ 1/2-1/2

[Event "Mechanics' Fall TNM; G/2"]
[Site "San Francisco"]
[Date "2016.12.13"]
[Round "9.9"]
[White "Reichwein, Axel"]
[Black "Khristofurov, Sergey"]
[Result "1/2-1/2"]
[WhiteElo "1937"]
[BlackElo "1972"]
[PlyCount "87"]
[EventDate "2016.??.??"]

1. e4 c6 2. d3 d5 3. Nd2 e5 4. g3 Nf6 5. Bg2 Bd6 6. Ngf3 O-O 7. O-O h6 8. Re1
Re8 9. b3 dxe4 10. dxe4 Bb4 11. Bb2 Bg4 12. c3 Bd6 13. Nc4 Bxf3 14. Bxf3 Bc7
15. Qxd8 Rxd8 16. Rad1 Na6 17. Ba3 c5 18. Bb2 Kf8 19. Ne3 Ke8 20. Kf1 Rxd1 21.
Rxd1 g6 22. a3 Rd8 23. Rxd8+ Kxd8 24. Ke2 Kd7 25. Kd3 Bb8 26. Nd5 Nxd5 27. exd5
f5 28. Be2 Bd6 29. Bc1 Bf8 30. c4 e4+ 31. Kc2 Bg7 32. f3 exf3 33. Bxf3 h5 34.
h3 b6 35. g4 hxg4 36. hxg4 Kd6 37. Kd3 Nc7 38. gxf5 gxf5 39. Bh5 Ba1 40. Bg6
Ke5 41. Bh6 Kf6 42. Bh5 Bb2 43. a4 Bd4 44. a5 1/2-1/2

[Event "Mechanics' Fall TNM; G/2"]
[Site "San Francisco"]
[Date "2016.10.18"]
[Round "1.25"]
[White "Reichwein, Axel"]
[Black "Leou-On, Tien"]
[Result "1-0"]
[WhiteElo "1937"]
[BlackElo "1331"]
[PlyCount "77"]
[EventDate "2016.??.??"]

1. e4 e6 2. d3 d5 3. Nd2 Nc6 4. Ngf3 Bd6 5. g3 Nf6 6. Bg2 O-O 7. O-O Re8 8. Re1
e5 9. h3 Bd7 10. Nf1 h6 11. g4 Ne7 12. Ng3 g5 13. Nf5 Nxf5 14. gxf5 c6 15. Nh2
Bc5 16. Ng4 Kh7 17. Nxf6+ Qxf6 18. Qh5 Rg8 19. Bf3 Rg7 20. Kg2 Rag8 21. Rh1 a6
22. Bg4 Be7 23. Be3 Be8 24. h4 gxh4 25. f3 Qd6 26. Rh3 Qf6 27. Rah1 Qd6 28. Kf1
Bg5 29. Bxg5 Rxg5 30. Qxh4 Kg7 31. Qxh6+ Qxh6 32. Rxh6 f6 33. Rh7+ Kf8 34. Rxb7
R5g7 35. Rb8 Ra7 36. Rh6 Kg7 37. Rh2 Kf8 38. Bh5 Re7 39. Bg6 {Black is complete
ly paralyzed and White went on to win. Remaining moves unavailable.} 1-0

[Event "Mechanics' Fall TNM; G/2"]
[Site "San Francisco"]
[Date "2016.11.22"]
[Round "6.19"]
[White "Reichwein, Axel"]
[Black "Rakonitz, David"]
[Result "1-0"]
[WhiteElo "1937"]
[BlackElo "1646"]
[PlyCount "59"]
[EventDate "2016.??.??"]

1. e4 e6 2. d3 d5 3. Nd2 c5 4. g3 Nc6 5. Bg2 Nf6 6. Ngf3 Be7 7. O-O O-O 8. Re1
b5 9. h4 a5 10. e5 Nd7 11. Nf1 b4 12. N1h2 Ba6 13. Bf4 a4 14. Bh3 c4 15. d4 a3
16. bxa3 bxa3 17. c3 Rb8 18. Ng5 Bxg5 19. Bxg5 Qa5 20. Qg4 Kh8 21. Re3 Rb2 22.
h5 Rc2 23. h6 g6 24. Qf3 Kg8 25. Ng4 Ncb8 26. Be7 Re8 27. Nf6+ Kh8 28. Nxe8 Kg8
29. Nd6 f5 30. exf6 1-0

[Event "Mechanics' Fall TNM; G/2"]
[Site "San Francisco"]
[Date "2016.11.01"]
[Round "3.22"]
[White "Reichwein, Axel"]
[Black "Ricard, Bruce"]
[Result "1-0"]
[WhiteElo "1937"]
[BlackElo "1569"]
[PlyCount "66"]
[EventDate "2016.??.??"]

1. e4 c6 2. d3 d5 3. Nd2 e5 4. Ngf3 Bd6 5. g3 Nf6 6. Bg2 O-O 7. O-O Re8 8. Re1
Nbd7 9. Nf1 d4 10. h3 Bb4 11. N1d2 c5 12. Rf1 Bxd2 13. Bxd2 h6 14. Nh2 Qc7 15.
f4 exf4 16. gxf4 c4 17. Nf3 Qc5 18. Kh1 Nh5 19. Kh2 Ndf6 20. Ne5 Rxe5 21. fxe5
Qxe5+ 22. Kg1 a5 23. Qf3 Ra6 24. Bf4 Nxf4 25. Qxf4 Qb5 26. e5 Qxb2 27. exf6
Rxf6 28. Qc7 Bf5 29. Qxc4 Be6 30. Qc7 Rg6 31. Kh2 Qb4 32. Qd8+ Kh7 33. Rad1 Qc5
1-0

[Event "Mechanics' Alan Benson TNM; G/2"]
[Site "San Francisco"]
[Date "2016.08.09"]
[Round "2.31"]
[White "Revi, Frank"]
[Black "Sherwood, Peter"]
[Result "0-1"]
[WhiteElo "1387"]
[BlackElo "1688"]
[PlyCount "62"]
[EventDate "2016.??.??"]

1. d4 d5 2. c4 dxc4 3. Nf3 Nf6 4. Bf4 e6 5. a3 c5 6. e3 Nc6 7. Nc3 Na5 8. Ne5
cxd4 9. exd4 Nb3 10. Rb1 Qxd4 11. Bg3 Bc5 12. Bxc4 Qxd1+ 13. Rxd1 Nd4 14. O-O
O-O 15. b4 Bb6 16. Bh4 a6 17. Bxf6 gxf6 18. Ng4 Kg7 19. Ne2 Nxe2+ 20. Bxe2 e5
21. Kh1 Bxg4 22. Bxg4 Rad8 23. Rc1 Kg6 24. h4 f5 25. Bh3 Rd2 26. f4 e4 27. g4
Rfd8 28. gxf5+ Kf6 29. Rfe1 R8d3 30. Bg2 Rg3 31. Kh2 Rgxg2+ 0-1

[Event "Mechanics' Winter TNM; G/2"]
[Site "San Francisco"]
[Date "2016.01.12"]
[Round "2.37"]
[White "Rhizor, Jared"]
[Black "Dupree, Charles"]
[Result "0-1"]
[WhiteElo "1246"]
[BlackElo "1630"]
[PlyCount "72"]
[EventDate "2016.??.??"]

1. e4 c5 2. g3 e6 3. Bg2 Nc6 4. c3 b5 5. Nf3 d5 6. exd5 exd5 7. O-O Nf6 8. Qe2+
Be7 9. Qxb5 Qc7 10. d4 Bd7 11. Bf4 Qc8 12. Qd3 O-O 13. Re1 Bf5 14. Qd1 c4 15.
Ne5 Re8 16. h3 Na5 17. g4 Be6 18. g5 Nd7 19. g6 hxg6 20. Nxg6 Bd8 21. Bxd5 Nf8
22. Bxa8 Nxg6 23. Qa4 Bb6 24. d5 Bd7 25. Rxe8+ Qxe8 26. Qd1 Nxf4 27. Bc6 Nxh3+
28. Kf1 Nxc6 29. dxc6 Bxc6 30. Nd2 Nxf2 31. Qc2 Qe6 32. Re1 Qh3+ 33. Ke2 Qg4+
34. Kf1 Bg2+ 35. Kg1 Bh3+ 36. Kh2 Qg2# 0-1

[Event "Mechanics' Winter TNM; G/2"]
[Site "San Francisco"]
[Date "2016.02.23"]
[Round "8.37"]
[White "Rhizor, Jared"]
[Black "Simpkins, Jerry"]
[Result "0-1"]
[WhiteElo "1246"]
[BlackElo "1512"]
[Annotator "Donaldson"]
[PlyCount "38"]
[EventDate "2016.??.??"]

1. e4 e5 2. Nf3 Nc6 3. g3 f5 4. Nc3 fxe4 5. Nxe4 d5 6. Nc3 e4 7. Nh4 Nf6 8. d3
Bg4 9. Be2 Bxe2 10. Qxe2 Nd4 11. Qd2 Bb4 12. f3 Qe7 13. dxe4 Bc5 14. b4 Bb6 (
14... Nxf3+ $1 15. Nxf3 Nxe4 $19) 15. a3 g5 16. Bb2 (16. Qxg5 dxe4) 16... gxh4
17. O-O-O Nxf3 18. Qe2 Nd4 19. Qd2 O-O-O 0-1

[Event "Mechanics' Winter TNM; G/2"]
[Site "San Francisco"]
[Date "2016.02.09"]
[Round "6.50"]
[White "Rhizor, Jared"]
[Black "Snead, Fianna McCarty"]
[Result "1-0"]
[WhiteElo "1246"]
[BlackElo "772"]
[PlyCount "39"]
[EventDate "2016.??.??"]

1. e4 e5 2. Nf3 Nc6 3. g3 Nf6 4. Nc3 Bb4 5. Bg2 Bxc3 6. dxc3 Nxe4 7. Nxe5 Qe7
8. Bxe4 Qxe5 9. Qe2 d5 10. Bxd5 Qxe2+ 11. Kxe2 O-O 12. Bf4 Bg4+ 13. f3 Rfe8+
14. Kf2 Be6 15. Bxe6 Rxe6 16. Rhe1 Rxe1 17. Rxe1 Kf8 18. Bxc7 Nd8 19. Bd6+ Kg8
20. Re8# 1-0

[Event "Mechanics' Fall TNM; G/2"]
[Site "San Francisco"]
[Date "2016.11.29"]
[Round "7.26"]
[White "Ricard, Bruce"]
[Black "Crofts, Jacob T"]
[Result "1/2-1/2"]
[WhiteElo "1569"]
[BlackElo "774"]
[PlyCount "137"]
[EventDate "2016.??.??"]

1. e4 c5 2. c3 Nc6 3. d4 d6 4. d5 Ne5 5. f4 Ng6 6. Nf3 Nf6 7. Bd2 e6 8. dxe6
fxe6 9. Bd3 Be7 10. Qb3 d5 11. e5 c4 12. Bxg6+ hxg6 13. Qc2 Ne4 14. Be3 Bh4+
15. Nxh4 Qxh4+ 16. g3 Qxg3+ 17. hxg3 Rxh1+ 18. Ke2 Rh2+ 19. Kd1 Rxc2 20. Kxc2
Nxg3 21. Nd2 Nf5 22. Bf2 Bd7 23. Rh1 O-O-O 24. Bxa7 Kc7 25. Bf2 Ra8 26. Kb1 Rf8
27. Nf3 Nh6 28. Rh4 Rf5 29. Ng5 Nf7 30. Nxf7 Rxf7 31. Be3 Rf8 32. Rh7 Rg8 33.
Kc2 Be8 34. Kd2 Kd8 35. Bf2 Ke7 36. Bh4+ Kf7 37. Bg5 Ba4 38. Ke3 Bc2 39. Kd4
Ra8 40. a3 Kg8 41. Rh2 Ba4 42. Kc5 Ra6 43. Rg2 Rc6+ 44. Kd4 Rc8 45. Rh2 Bb3 46.
Rh1 Bc2 47. Ra1 Kf7 48. Rh1 b6 49. Rh7 Kg8 50. Rh2 Bd1 51. Ke3 Bh5 52. Kd2 Kf7
53. Bh4 Ke8 54. Bf2 Rb8 55. Rh1 Kd8 56. a4 Ra8 57. Ra1 Kc7 58. Kc2 Ra5 59. b4
cxb3+ 60. Kxb3 b5 61. Kb4 Rxa4+ 62. Rxa4 bxa4 63. Kxa4 Kc6 64. Kb4 Kd7 65. c4
dxc4 66. Kxc4 Ke7 67. Kd3 Kf7 68. Ke4 Bg4 69. Bh4 1/2-1/2

[Event "Mechanics' Fall TNM; G/2"]
[Site "San Francisco"]
[Date "2016.11.22"]
[Round "6.30"]
[White "Ricard, Bruce"]
[Black "Erdenebileg, Erkhes"]
[Result "1-0"]
[WhiteElo "1569"]
[BlackElo "1365"]
[PlyCount "69"]
[EventDate "2016.??.??"]

1. e4 e5 2. f4 exf4 3. Nf3 Nc6 4. d4 d6 5. Bxf4 Bg4 6. Bc4 a6 7. Bxf7+ Kxf7 8.
Ng5+ Ke8 9. Qxg4 Nf6 10. Qd1 h6 11. Ne6 Qe7 12. d5 Nd8 13. O-O Nxe6 14. dxe6
Qxe6 15. Nc3 Qd7 16. Qd4 Be7 17. Rae1 Qc6 18. e5 dxe5 19. Qxe5 Qd7 20. Rd1 Qc6
21. Rfe1 Ng8 22. Nd5 Qc5+ 23. Kh1 Rh7 24. Nxc7+ Kf7 25. Qe6+ Kf8 26. Nxa8 g5
27. Nb6 Nf6 28. Rd8+ Bxd8 29. Bd6+ Qxd6 30. Qxd6+ Kg7 31. Qxd8 Kg6 32. Qd3+ Kg7
33. Re7+ Kg8 34. Qd8+ Ne8 35. Qxe8# 1-0

[Event "Mechanics' Fall TNM; G/2"]
[Site "San Francisco"]
[Date "2016.11.08"]
[Round "4.34"]
[White "Ricard, Bruce"]
[Black "Marrus, Matthew E"]
[Result "1-0"]
[WhiteElo "1569"]
[BlackElo "1324"]
[PlyCount "65"]
[EventDate "2016.??.??"]

1. e4 e5 2. f4 Nc6 3. Nc3 exf4 4. Nf3 Bc5 5. d4 Nxd4 6. Nxd4 Qh4+ 7. g3 fxg3 8.
Nf3 g2+ 9. Nxh4 gxh1=Q 10. Bf4 Bb4 11. Qd4 Bxc3+ 12. bxc3 Nf6 13. O-O-O Qxe4
14. Qf2 O-O 15. Bd3 Qa4 16. Rg1 Nh5 17. Bh6 Qxa2 18. Bxg7 Nxg7 19. Qg3 Qa1+ 20.
Kd2 Qxg1 21. Qxg1 Kh8 22. Qd4 Kg8 23. Qf6 d6 24. Qh6 f5 25. Bc4+ Be6 26. Bxe6+
Nxe6 27. Qxe6+ Kh8 28. Qh6 Rg8 29. Qf6+ Rg7 30. Nxf5 Rag8 31. Nh6 Re8 32. h4
Ree7 33. Qf8+ 1-0

[Event "Mechanics' Fall TNM; G/2"]
[Site "San Francisco"]
[Date "2016.10.25"]
[Round "2.39"]
[White "Ricard, Bruce"]
[Black "Trapani, Nick Leon"]
[Result "1-0"]
[WhiteElo "1569"]
[BlackElo "1132"]
[PlyCount "65"]
[EventDate "2016.??.??"]

1. e4 e5 2. Nf3 Nc6 3. Bb5 Nf6 4. O-O Be7 5. Re1 O-O 6. Bxc6 dxc6 7. Nxe5 Be6
8. d4 Bd6 9. Nf3 Be7 10. Bf4 Nh5 11. Be3 h6 12. Nbd2 f5 13. exf5 Rxf5 14. Bxh6
gxh6 15. Rxe6 Bf6 16. g4 Rf4 17. gxh5 Qd5 18. Qe2 Kh7 19. Kh1 Bxd4 20. Re7+ Bg7
21. Rg1 Rf7 22. Rxf7 Qxf7 23. Qe4+ Kh8 24. Qg6 Rf8 25. Qxf7 Rxf7 26. b3 Rf5 27.
Rg3 Rxh5 28. Kg2 c5 29. Nc4 b6 30. Rg6 Kh7 31. Rc6 Rd5 32. Rxc7 b5 33. Ne3 1-0

[Event "Mechanics' Fall TNM; G/2"]
[Site "San Francisco"]
[Date "2016.11.15"]
[Round "5.20"]
[White "Riese, Kayven"]
[Black "Cunningham, Charles"]
[Result "1-0"]
[WhiteElo "1935"]
[BlackElo "1524"]
[PlyCount "45"]
[EventDate "2016.??.??"]

1. e4 e5 2. Nf3 Nc6 3. Bb5 Qf6 4. Nc3 a6 5. Ba4 b5 6. Bb3 Bc5 7. O-O Nd4 $2 (
7... Nge7) 8. Nxd4 Bxd4 9. Nd5 Qd6 10. c3 Ba7 11. d4 exd4 12. Bf4 Qc6 13. Nxc7+
Kd8 14. Bd5 Qc5 15. Nxa8 dxc3 16. Bc7+ Ke7 17. e5 Ke8 18. Qf3 f6 19. Bd6 Qd4
20. bxc3 Qh4 21. g3 Qg5 22. Rfe1 Ne7 23. exf6 1-0

[Event "Mechanics' Fall TNM; G/2"]
[Site "San Francisco"]
[Date "2016.10.18"]
[Round "1.27"]
[White "Riese, Kayven"]
[Black "Enkh, Tergelsar"]
[Result "1-0"]
[WhiteElo "1935"]
[BlackElo "1307"]
[Annotator "Donaldson"]
[PlyCount "67"]
[EventDate "2016.??.??"]

1. e4 e5 2. Nf3 Nc6 3. Bb5 a6 4. Ba4 Nf6 5. O-O b5 6. Bb3 Be7 7. Re1 d6 8. c3
Bg4 $4 (8... O-O) 9. h3 Bh5 10. d3 O-O 11. Nbd2 Na5 12. Bc2 c5 13. Nf1 Nc6 14.
g4 (14. Ng3 Bg6 15. Nh4) 14... Bg6 15. Ng3 Qd7 16. Nf5 Bxf5 17. exf5 d5 $2 18.
Nxe5 Nxe5 19. Rxe5 Bd6 20. Re1 Rae8 21. Bd2 Rxe1+ 22. Qxe1 Re8 23. Qf1 Bc7 24.
Re1 Rxe1 25. Qxe1 Qd6 26. f4 Bb6 27. Qe5 Qxe5 28. fxe5 Nd7 29. Bf4 Kf8 30. Kf2
Ke7 31. Ke3 c4+ 32. d4 Bc7 33. f6+ gxf6 34. exf6+ 1-0

[Event "Mechanics' Fall TNM; G/2"]
[Site "San Francisco"]
[Date "2016.12.06"]
[Round "8.7"]
[White "Riese, Kayven"]
[Black "Walder, Michael S"]
[Result "0-1"]
[WhiteElo "1935"]
[BlackElo "2084"]
[Annotator "Donaldson"]
[PlyCount "66"]
[EventDate "2016.??.??"]

1. e4 c5 2. Nf3 d6 3. d4 cxd4 4. Nxd4 Nf6 5. Nc3 Nc6 6. Bg5 e6 (6... e5 7. Nb3
(7. Ndb5 a6 8. Na3 (8. Bxf6 gxf6 9. Na3 f5 (9... b5)) 8... b5)) 7. Be2 (7. Qd2)
7... a6 8. O-O Be7 9. Kh1 O-O 10. f4 Qc7 11. Bf3 Bd7 12. Nde2 Rfd8 13. g4 Rac8
14. a3 b5 15. Qe1 b4 16. Nd1 a5 17. c3 bxa3 18. Rxa3 d5 19. Bxf6 Bxf6 20. exd5
exd5 21. Ne3 d4 22. Nd5 Qd6 23. g5 Be6 24. Nxf6+ gxf6 25. gxf6 Kh8 26. Bxc6
Qxc6+ 27. Kg1 Bh3 28. Rf2 d3 29. Ng3 Qc5 30. Qd2 Re8 31. c4 Qxc4 32. Rxd3 Re1+
33. Nf1 (33. Qxe1 Qxd3 34. Rd2 Qf3 35. Rf2) 33... Rg8+ 0-1

[Event "Mechanics' Winter TNM; G/2"]
[Site "San Francisco"]
[Date "2016.01.19"]
[Round "3.26"]
[White "Robeal, Rafik"]
[Black "Donaldson, Kyle Ga"]
[Result "1-0"]
[WhiteElo "1718"]
[BlackElo "1479"]
[PlyCount "93"]
[EventDate "2016.??.??"]

1. d4 d5 2. c4 e6 3. Nc3 Nf6 4. Bg5 Be7 5. Nf3 c5 6. e3 cxd4 7. exd4 Nc6 8. Bd3
Nb4 9. Be2 O-O 10. a3 Nc6 11. O-O b6 12. Rc1 Bb7 13. Qa4 a5 14. h3 Rc8 15. Nb5
Ne4 16. Bf4 f6 17. cxd5 exd5 18. Bd3 Nd6 19. Nc3 Nf7 20. Bf5 Ra8 21. Be6 Na7
22. Qb3 Ba6 23. Nxd5 Bxf1 24. Bc7 Qe8 25. Kxf1 Bxa3 26. Nxf6+ gxf6 27. bxa3
Qb5+ 28. Qxb5 Nxb5 29. Bxb6 Ra6 30. Bxf7+ Kxf7 31. Bc5 Rc8 32. Rb1 Nc3 33. Rb7+
Kg8 34. Nh4 Rac6 35. Nf5 Nd5 36. Ra7 Rxc5 37. dxc5 Rxc5 38. g4 Nf4 39. Kg1
Nxh3+ 40. Kg2 Nf4+ 41. Kf3 Ne6 42. a4 Rc3+ 43. Kg2 Nf4+ 44. Kg1 h5 45. Rxa5
hxg4 46. Nh6+ Kg7 47. Nxg4 {
Both sides quite recording at this point. White went on to win.} 1-0

[Event "Mechanics' Spring TNM; G/2"]
[Site "San Francisco"]
[Date "2016.03.29"]
[Round "3.38"]
[White "Robeal, Rafik"]
[Black "Enkh, Tergelsar"]
[Result "1-0"]
[WhiteElo "1718"]
[BlackElo "1081"]
[PlyCount "47"]
[EventDate "2016.??.??"]

1. d4 d5 2. Nf3 Nf6 3. e3 Bf5 4. b3 e6 5. Bb2 Bd6 6. Nbd2 O-O 7. Nh4 a6 8. Nxf5
exf5 9. Bd3 Ne4 10. Nf3 Nc6 11. a3 Qd7 12. O-O Rfe8 13. c4 dxc4 14. bxc4 b6 15.
Rc1 f6 16. Nh4 f4 17. Qh5 Qf7 18. Qf5 Qe7 19. Qd5+ Kh8 20. Qxc6 f5 21. Nxf5 Qe6
22. Nxd6 Nxd6 23. exf4 Re7 24. d5 1-0

[Event "Mechanics' Winter TNM; G/2"]
[Site "San Francisco"]
[Date "2016.02.16"]
[Round "7.37"]
[White "Robeal, Rafik"]
[Black "James, Charles"]
[Result "1-0"]
[WhiteElo "1718"]
[BlackElo "1369"]
[Annotator "Donaldson"]
[PlyCount "53"]
[EventDate "2016.??.??"]

1. d4 d5 2. Bf4 Nf6 3. e3 c6 4. Nf3 Bf5 5. Nbd2 Nbd7 6. Nh4 Bg6 7. Nxg6 hxg6 8.
h3 Nh5 9. Bh2 f5 10. Bd3 e6 11. c3 (11. c4) 11... c5 12. dxc5 Nxc5 13. Bb5+ Kf7
(13... Nd7 14. Nf3 (14. c4 a6) 14... a6 15. Bxd7+ Qxd7 16. Ne5 Qd8 17. Nxg6)
14. Nf3 Ne4 15. Ne5+ Kf6 16. Qd4 Bc5 17. Nd7+ Ke7 18. Nxc5 Qb6 19. Nxe4 Qxd4
20. exd4 fxe4 21. g4 Nf6 22. Bf4 a6 (22... Nxg4) 23. Be2 b5 24. Kd2 Raf8 25.
Bg5 Kd7 26. a4 Kc6 27. axb5+ 1-0

[Event "Mechanics' Spring TNM; G/2"]
[Site "San Francisco"]
[Date "2016.03.15"]
[Round "1.16"]
[White "Robeal, Rafik"]
[Black "Rakonitz, David"]
[Result "1/2-1/2"]
[WhiteElo "1718"]
[BlackElo "1660"]
[PlyCount "56"]
[EventDate "2016.??.??"]

1. d4 Nf6 2. Bf4 e6 3. Nf3 b6 4. e3 Bb7 5. Nbd2 Be7 6. Bd3 d5 7. h4 Nbd7 8. h5
h6 9. Ne5 Nxe5 10. Bxe5 Bd6 11. Nf3 Qe7 12. Bb5+ c6 13. Bd3 O-O-O 14. a4 c5 15.
a5 c4 16. axb6 axb6 17. Be2 Kc7 18. b3 Bxe5 19. Nxe5 c3 20. Qd3 Ne4 21. f3 Ng3
22. Qxc3+ Kb8 23. Rh3 Rc8 24. Qd2 Nxe2 25. Kxe2 Rc7 26. Rhh1 Rhc8 27. Rhc1 f6
28. Ng6 Qd6 1/2-1/2

[Event "Mechanics' Winter TNM; G/2"]
[Site "San Francisco"]
[Date "2016.02.02"]
[Round "5.17"]
[White "Robeal, Rafik"]
[Black "Sarafian, Greg M"]
[Result "0-1"]
[WhiteElo "1718"]
[BlackElo "1956"]
[PlyCount "48"]
[EventDate "2016.??.??"]

1. d4 Nf6 2. Bf4 d5 3. Nf3 c5 4. e3 Nc6 5. Bd3 c4 6. Be2 Bf5 7. Nbd2 h6 8. h3
Nb4 9. O-O Bxc2 10. Qc1 Bd3 11. Bxd3 Nxd3 12. Qc2 Nxf4 13. exf4 e6 14. f5 exf5
15. Qxf5 Be7 16. Ne5 O-O 17. g4 Nh7 18. Nd7 g6 19. Qxd5 Nf6 20. Nxf6+ Bxf6 21.
Qxc4 Bxd4 22. Qb3 Qf6 23. Ne4 Qf4 24. Kg2 Qxe4+ 0-1

[Event "Mechanics' Summer TNM; G/2"]
[Site "San Francisco"]
[Date "2016.07.12"]
[Round "8.30"]
[White "Robertson, Guy"]
[Black "Brown, Nicholas M"]
[Result "1-0"]
[WhiteElo "1484"]
[BlackElo "1479"]
[PlyCount "77"]
[EventDate "2016.??.??"]

1. d4 d5 2. c4 c6 3. cxd5 cxd5 4. Nc3 e6 5. Bf4 Nf6 6. h3 Nc6 7. e3 Bb4 8. Bd3
Qa5 9. Nge2 O-O 10. a3 Bxc3+ 11. Nxc3 b6 12. O-O a6 13. b4 Nxb4 14. axb4 Qxb4
15. Na4 Bd7 16. Bc2 Bb5 17. Rb1 Qe7 18. Nxb6 Rad8 19. Re1 Ne4 20. Bxe4 dxe4 21.
Na4 f6 22. Nc5 f5 23. Qb3 Rfe8 24. Be5 h6 25. Rec1 Kh7 26. Qb4 Qg5 27. Bf4 Qg6
28. Nb7 Rc8 29. Rxc8 Rxc8 30. Nd6 Rc2 31. Nxb5 axb5 32. Qxb5 Qh5 33. Qb3 Qe2
34. Rf1 g5 35. Be5 f4 36. Qb7+ Kg6 37. Qg7+ Kh5 38. exf4 e3 39. g4+ 1-0

[Event "Mechanics' Alan Benson TNM; G/2"]
[Site "San Francisco"]
[Date "2016.08.09"]
[Round "2.25"]
[White "Robertson, Guy"]
[Black "Capdeville, Barry"]
[Result "1-0"]
[WhiteElo "1424"]
[BlackElo "1224"]
[PlyCount "41"]
[EventDate "2016.??.??"]

1. c4 Nf6 2. e3 e6 3. d4 d5 4. cxd5 exd5 5. Nc3 Be7 6. g3 O-O 7. Bg2 c6 8. Nge2
Bf5 9. a3 Nbd7 10. Bd2 Ne4 11. Rc1 Ndf6 12. O-O Nxd2 13. Qxd2 Ne4 14. Qd1 Nxc3
15. Nxc3 Qd7 16. Re1 Bf6 17. b4 Rac8 18. Qb3 b5 19. Ne2 Be4 20. f3 Bd3 21. Qxd3
1-0